000 00650nam a2200205Ii 4500
001 14257
003 CO-ViMGA
008 241108s9999||||xx |||||||||||||| ||und||
040 _aCO-ViMGA
_bspa
_erda
_cCO-ViMGA
041 0 _aspa
082 0 4 _aR 345.08 C65g
110 1 _aColombia: Gobernación del Meta
_953081
245 1 0 _aCódigo de la infancia y la adolescencia; ley 1098 noviembre 8 de 2006
264 1 _aBogotá, Colombia : Graficas El Dorado, 2008
300 _avolumen
336 _atext
_btxt
_2rdacontent
337 _aunmediated
_bn
_2rdamedia
338 _avolume
_bnc
_2rdacarrier
940 _aidficha_siabuc: 13954. -- ficha_no_siabuc:14257
999 _c48825
_d48825